000 00669nam a22002177a 4500
999 _c134967
_d134967
005 20190123161743.0
010 _aB-218847
020 _c00.00
_a8183820654
035 _aB-218847, B-218851,B-218854,B-218854 ,B-218854 B-218877, b-218874
037 _bCen Lib/Ret
082 _a616.0472
_bSHA
100 _aSharma, Rajeev
245 _aA guide to body pains /
_cby Rajeev Sharma
246 _b
260 _bLotus Press
_c2006
_aNew Delhi
270 _a4263/3, Ansari Raod, Darya Ganj
_bNew Delhi
_e110002
300 _a199p. :
_c19cm(Hb)
_bill.
650 _aHomeopathy
650 _aAlternative medicine
942 _2ddc
_cEN
_h616.0472
_mSHA